Star Trek Species - Statistics

General Stats
  • This quiz has been taken 67 times
  • The average score is 10 of 16
Answer Stats
Picture Answer % Correct
Borg
100%
Vulcan
98%
Q
95%
Ferengi
93%
Cardassian
92%
Klingon
92%
Tribble
85%
Gorn
76%
Romulan
75%
Reman
39%
Tholian
32%
Horta
29%
Salt Vampire
27%
Talosian
22%
Cheron
10%
Cheron
10%
No matching quizzes found
Score Distribution
Percent of People with Each Score
Percentile by Number Answered
Your Score History
You have not taken this quiz